Music Quiz

Random Music or Rap Quiz

Kendrick Lamar Songs Quiz Stats

 Plays Quiz Updated May 27, 2018

Challenge
Share
Tweet
Embed
Score 0/58 Timer 07:00
2 Plays Today
% Correct
HUMBLE.
88.4%
DNA.
85.5%
M.A.A.D City feat. MC Eiht
81.4%
LOVE. FEAT. ZACARI.
80.4%
i (Extended Version)
76.9%
LOYALTY. FEAT. RIHANNA.
76%
DUCKWORTH.
73.3%
Good Kid
72.8%
King Kunta
71.7%
Alright
69.9%
Swimming Pools (Drank)
69.5%
u
68.7%
ELEMENT.
68.4%
XXX. FEAT. U2.
68.3%
BLOOD.
66.6%
LUST.
66.6%
GOD.
65.6%
Money Trees feat. Jay Rock
62.6%
A.D.H.D.
61.9%
B****, Don't Kill My Vibe
61.4%
Backseat Freestyle
60.8%
FEAR.
60.7%
YAH.
58.7%
Poetic Justice feat. Drake
58.5%
Wesley's Theory feat. George Clinton & Thundercat
57.5%
The Blacker the Berry
57.4%
PRIDE.
56.3%
These Walls feat. Bilal, Anna Wise & Thundercat
56.1%
For Free? (Interlude)
55.5%
% Correct
Compton feat. Dr. Dre
53.3%
FEEL.
52.2%
Sherane a.k.a. Master Splinter’s Daughter
51.7%
Sing About Me, I’m Dying of Thirst
49.4%
Mortal Man
48.4%
HiiiPoWeR
47.4%
The Art of Peer Pressure
46.6%
How Much a Dollar Cost feat. James Fauntleroy & Ronald Isley
46.4%
For Sale? (Interlude)
46.2%
Institutionalized feat. Bilal, Anna Wise & Snoop Dogg
45.3%
Hood Politics
45%
Real feat. Anna Wise
45%
Momma
44.1%
Rigamortus
42.1%
Hol' Up
40.2%
F*** Your Ethnicity
39.2%
Keisha's Song (Her Pain) feat. Ashtrobot
38%
Complexion (A Zulu Love) feat. Rapsody
38%
Ronald Reagan Era (His Evils)
36.7%
You Ain't Gotta Lie (Momma Said)
33%
Tammy's Song (Her Evils)
32.2%
Chapter Six
30%
No Make-Up (Her Vice) feat. Colin Munroe
27.9%
The Spiteful Chant feat. Schoolboy Q
27.3%
Chapter Ten
26.3%
Ab-Soul's Outro feat. Ab-Soul
24.9%
Kush & Corinthians (His Pain) feat. BJ the Chicago Kid
22.3%
Poe Mans Dreams (His Vice) feat. GLC
21.3%
Blow My High (Members Only)
21%

You're not logged in!

Compare scores with friends on all Sporcle quizzes.
OR
Log In

You Might Also Like...

Show Comments

Extras

Top Quizzes Today


Score Distribution

Your Account Isn't Verified!

In order to create a playlist on Sporcle, you need to verify the email address you used during registration. Go to your Sporcle Settings to finish the process.

Report this User

Report this user for behavior that violates our Community Guidelines.

Details: